| 000 -Etiqueta do registo | |
|---|---|
| campo de controlo de comprimento fixo | 00240 a2200109 4500 |
| 001 - Identificador do registo | |
| Campo de controlo | 76235 |
| 005 - Identificador da versão | |
| Campo de controlo | 20260408153523.0 |
| 100 ## - Dados Gerais de Proc. | |
| Dados gerais de processamento | 20260408 pory50 |
| 200 ## - Título | |
| Título próprio | Fogo Grego |
| Primeira menção de responsabilidade | Oliver Taplin |
| 210 ## - Publicação, Distribuição | |
| Nome do editor, distribuidor, etc. | Gravida |
| Data da publicação, distribuição, etc. | 1990 |
| 090 ## - Números de controlo do sistema (Koha) | |
| Número biblioitem do Koha (gerado automaticamente) | 76235 |
| 942 ## - Elementos de entrada adicionados (Koha) | |
| Tipo de item no Koha | Monografias |
Não há exemplares disponíveis.